Violence prevention and school safety : issues, problems, approaches, and recommended solutions /

Disimpan dalam:
Butiran Bibliografi
Pengarang Utama: Walker, Hill M.
Pengarang Korporat: Oregon School Study Council.
Pengarang-pengarang Lain: Irvin, Larry K., Sprague, Jeffery R.
Format: Buku
Bahasa:English
Diterbitkan: Eugene, Ore : Oregon School Study Council, 1997.
Siri:OSSC bulletin ; v.40, no.4..
Subjek-subjek:
Penanda-penanda: Tambah Penanda
Tiada Penanda, Jadilah orang pertama menanda rekod ini!
LEADER 01090nam a2200289Ia 4500
001 007741106-4
005 20020606104010.5
008 980414s1997 oru 000 0 eng d
035 0 |a ocm38948052 
040 |a HMG  |c HMG 
043 |a n-us--- 
090 |a LB3013.3  |b .W347 1997 
100 1 |a Walker, Hill M. 
245 1 0 |a Violence prevention and school safety :  |b issues, problems, approaches, and recommended solutions /  |c Hill M. Walker, Larry K. Irvin, Jeffrey R. Sprague. 
260 |a Eugene, Ore :  |b Oregon School Study Council,  |c 1997. 
300 |a 20 p. :  |b ill. ;  |c 28 cm. 
490 1 |a OSSC bulletin,  |x 0095-6694 ;  |v v.40, no.4. 
500 |a "Fall 1997" 
500 |a "Preparation of this manuscript was supported in part by the Hamilton Fish National Institute on School and Community Violence". 
650 0 |a School violence  |x Prevention. 
650 0 |a School violence  |z United States. 
700 1 |a Irvin, Larry K. 
700 1 |a Sprague, Jeffery R. 
710 2 |a Oregon School Study Council. 
830 0 |a OSSC bulletin ;  |v v.40, no.4..  |x 0095-6694 
988 |a 20020608 
906 |0 MH